000 00288nam a2200121Ia 4500
008 240112s1974 xx 000 0 und d
041 _aeng
082 _a616.05
100 _aROGERS D.E.
245 _aYEAR BOOK OF MEDICINE
260 _bYEAR BOOK OF MED.PUB.
_c1974
300 _a704,HB
999 _c1140942
_d1140942